000 00446nam a2200181Ia 4500
001 3759
005 20260306145707.0
008 260306t2006||||xx |||||||||||||| ||spa||
041 _aESP
082 _a302.3
_bT78
100 _aHenry, Sue (Coord.)
_eAUT
245 0 _aTrabajo social con grupos:
_bmodelos de intervención
260 _c2006
300 _a245 pƔginas :
_c21 cm.
650 _aGEN
654 _aCED
942 _cLIB
_dJUS
_fJUS
_2ddc
_n
999 _c3759
_d3759